000
002510000a22000970004500
100
1
_a
Pretiz, Paul E.
245
1
0
_a
Manna feeds Panama's pastors
300
_a
Vol. 73, Num. 1 (Enero-Marzo), Página 11
773
0
_t
Latin America Evangelist
942
_c
ANA
999
_c
54687
_d
54687